Quaderns de dret local
Publicado:
Barcelona :
Diputació de Barcelona, Àrea de Règim Interior, Hisenda i Planificació : Fundació Democràcia i Govern Local ,
1992
Descripción Física:
6 vols. enquadernats ; periodicitat: trimestral, quadrimestral (a partir del núm. 0) ; 30 cm.
MARC
| LEADER | 00000nas a2200000 a 4500 | ||
|---|---|---|---|
| 001 | 13759, 13760, 13761, 13762, 16597, 16598 | ||
| 003 | Arxiu | ||
| 005 | 20260324181046.0 | ||
| 008 | 160829s1992 - xx 000 0 cat d | ||
| 008 | 160829s9999 xx 000 0 cat d | ||
| 017 | |a B 1070-1992 |a B 49503-2002 | ||
| 022 | |a 1133-2344 | ||
| 022 | |a 1965-8438 | ||
| 040 | |a agdb | ||
| 245 | |a Quaderns de dret local | ||
| 260 | |a Barcelona : |b Diputació de Barcelona, Àrea de Règim Interior, Hisenda i Planificació : |b Fundació Democràcia i Govern Local ; |c 1992- | ||
| 300 | |a 6 vols. enquadernats ; |b periodicitat: trimestral, quadrimestral (a partir del núm. 0) ; |c 30 cm. | ||
| 310 | |a Quadrimestral | ||
| 362 | |a 1 ( gen./febr. 1992)-24 ; núm. 0 (oct. 2002)- | ||
| 500 | |a Variant del títol a partir del núm. 18: QDL. | ||
| 500 | |a Nova etapa a partir del Núm. 0 (octubre 2002): inicia nova numeració, canvia la periodicitat i l'editor és Fundació Democràcia i Govern Local | ||
| 650 | |a Dret administratiu |x Legislació |x Espanya |x Revistes |9 36749 | ||
| 650 | |a Administració local |x Dret i legislació |x Barcelona (Província) |x Revistes |9 36750 | ||
| 650 | |a Administració províncial |x Dret i legislació |x Barcelona |x Revistes |9 20280 | ||
| 655 | 0 | |9 55823 |a Revistes | |
| 710 | 2 | |a Fundació Democràcia i Govern Local |9 52936 | |
| 710 | |a Barcelona (Catalunya : Província). |b Àrea de Règim Interior, Hisenda i Planificació |9 53667 | ||
| 866 | |a Núm. 1 (gener/febrer 1992) - Núm. 24 (2000) | ||
| 866 | |a Núm. 0 (octubre 2000) - Núm. 3 (octubre 2003) | ||
| 901 | |a Arxiu | ||
| 942 | |n 1 |2 udc |c REV | ||
| 952 | |0 0 |1 0 |2 udc |4 0 |6 REV401 |7 1 |9 47477 |a Arxiu |b Arxiu |d 2016-12-01 |h Núm. 1 (gener/febrer 1992) - Núm. 10 (setembre/novembre 1995) |o Rev-401 |p 13759 |r 2016-12-01 00:00:00 |w 2016-12-01 |y ARXIU | ||
| 952 | |0 0 |1 0 |2 udc |4 0 |6 REV402 |7 1 |9 64076 |a Arxiu |b Arxiu |d 2022-10-31 |h Núm. 11 (gener/març 1996) - Núm. 15 (abril/juny 1997) |l 0 |o Rev-402 |p 13760 |r 2022-10-31 00:00:00 |w 2022-10-31 |y ARXIU | ||
| 952 | |0 0 |1 0 |2 udc |4 0 |6 REV403 |7 1 |9 64077 |a Arxiu |b Arxiu |d 2022-10-31 |h Núm. 16 (gener/març 1998) - Núm. 19 (octubre/desembre 1998) |l 0 |o Rev-403 |p 13761 |r 2022-10-31 00:00:00 |w 2022-10-31 |y ARXIU | ||
| 952 | |0 0 |1 0 |2 udc |4 0 |6 REV404 |7 1 |9 64078 |a Arxiu |b Arxiu |d 2022-10-31 |h Núm. 20 (gener/març 1999) - Núm. 23 (octubre/desembre 1999) |l 0 |o Rev-404 |p 13762 |r 2022-10-31 00:00:00 |w 2022-10-31 |y ARXIU | ||
| 952 | |0 0 |1 0 |2 udc |4 0 |7 1 |9 64079 |a Arxiu |b Arxiu |d 2022-10-31 |h Núm. 24 (2000) ; Núm. 0 (octubre 2002) |o Rev-405 |p 16597 |r 2022-10-31 00:00:00 |w 2022-10-31 |y ARXIU |z Canvi d'editor | ||
| 952 | |0 0 |1 0 |2 udc |4 0 |7 1 |9 64080 |a Arxiu |b Arxiu |d 2022-10-31 |h Núm. 1 (febrer 2003 ) - Núm. 3 (octubre 2003) |o Rev-406 |p 16598 |r 2022-10-31 00:00:00 |w 2022-10-31 |y ARXIU | ||
| 999 | |c 51276 |d 51276 | ||